تحميل...

Bureaucratic elites in Pakistan and Bangladesh : their development strategy /

التفاصيل البيبلوغرافية
المؤلف الرئيسي: Ahamed, E Majuddin
التنسيق: Printed Book
اللغة:English
منشور في: Delhi: Young Asia, 1985.
LEADER 00481 a2200121 4500
008 100208b ||||| |||| 00| 0 eng d
082 |a 337 
100 |a Ahamed, E Majuddin. 
245 |a Bureaucratic elites in Pakistan and Bangladesh : their development strategy / 
260 |b Young Asia,  |a Delhi:  |c 1985. 
942 |c BK 
999 |c 314598  |d 314598 
952 |0 0  |1 0  |2 ddc  |4 0  |6 337_000000000000000_AHA_BU  |7 0  |9 360698  |a ECN  |b ECN  |c GEN  |d 2010-09-07  |g 0.00  |i 5108  |l 0  |o 337 AHA/BU  |p ECN5108  |r 2010-09-07  |w 2010-09-07  |y BK